Materiály mezinárodních organizací
Enregistré dans:
| Format: | Publication en série |
|---|---|
| Langue: | tchèque |
| Publié: |
Praha
Ústav pro technické a ekonomické informace
|
| Tags: |
Pas de tags, Soyez le premier à ajouter un tag!
|
MARC
| LEADER | 00000nas1a2200000 4500 | ||
|---|---|---|---|
| 001 | 0012900 | ||
| 005 | 20250730114820.5 | ||
| 022 | |a 0322-7251 | ||
| 041 | 0 | |a cze | |
| 044 | |a CZ | ||
| 245 | 1 | 0 | |a Materiály mezinárodních organizací |
| 264 | 1 | |a Praha |b Ústav pro technické a ekonomické informace | |